00905nam a22001937a 45000010005000000030006000050050017000110080041000280200018000690400029000870500012001160820015001281000021001432450110001642600050002743000044003245200314003687000029006826184FISKH20250324170430.0250324b cb ||||| |||| 00| 0 eng d a9781880892862 aFISKHbengcFISKHdFISKH a371.042 aLB1575.587 aStrayer, Debbie  aLearning language arts through literature :bThe tan teacher book /cBy Debbie Strayer and Susan Simpson  aMelrose :bCommon Sense Press, Inc . ;c1998. a307 pages : billustrations ; c28 cm . aThis developmental, integrated language arts program based on Ruth Beechick s philosophies was designed especially for homeschoolers. Through reading and literature, students learn and master skills in language, grammar, vocabulary, spelling, writing mechanics, creative writing, critical thinking, and more." aSimpson, Susan eAuthor